[Event "GER-ch Schools U18 Girls"]
[Site "Germany"]
[Date "2009.05.16"]
[Round "2.4"]
[White "Gold, Lisa"]
[Black "Eifert, Pia"]
[Result "1-0"]
[WhiteElo "800"]
[BlackElo "800"]
[PlyCount "99"]
[EventDate "2009.05.16"]
[EventType "team-swiss"]
[EventRounds "7"]
[EventCountry "GER"]
[SourceTitle "EXT 2011"]
[Source "ChessBase"]
[SourceDate "2010.11.26"]
[SourceVersion "1"]
[SourceVersionDate "2010.11.26"]
[SourceQuality "1"]
[WhiteTeam "Neubrandenburg (W)"]
[BlackTeam "Luebeck Trave (W)"]
[WhiteTeamCountry "GER"]
[BlackTeamCountry "GER"]

1. e4 e5 2. Nf3 Nc6 3. Nc3 Bc5 4. Bc4 Nf6 5. d3 0-0 6. Bg5 h6 7. Be3 d6 8. Qd2 Bg4 9. 0-0-0 Qd7 10. Rhe1 Rad8 11. h3 Bh5 12. d4 Bb4 13. a3 Ba5 14. dxe5 dxe5 15. Bd3 Nd4 16. Bb5 c6 17. Nxe5 Qe6 18. Bf4 cxb5 19. g4 Nxe4 20. Rxe4 Nf3 21. Qe2 Nh4 22. gxh5 f6 23. Ng6 Qf5 24. Nxf8 Rxf8 25. Nxb5 Rd8 26. Nd6 Qxh3 27. Nxb7 Rxd1+ 28. Qxd1 Bb6 29. Re8+ Kh7 30. Qg1 Be3+ 31. fxe3 g5 32. Qf2 Qh1+ 33. Kd2 Qxb7 34. Bd6 Qf3 35. Qh2 Qg2+ 36. Qxg2 Nxg2 37. Re7+ Kg8 38. Rxa7 g4 39. c4 Nh4 40. c5 Nf5 41. Bb8 g3 42. Bxg3 Nxg3 43. c6 f5 44. c7 Nf1+ 45. Ke2 Ng3+ 46. Kd3 Kg7 47. c8Q+ Kf6 48. Qg8 Ne4 49. Qg6+ Ke5 50. Ra5+ 1-0